Художній світ Волта Вітмена в українській літературній рецепції (Запис № 285368)

МАРК-запис
000 -LEADER
fixed length control field 02566nam a22001577a 4500
041 ## - LANGUAGE CODE
Language code of text/sound track or separate title ukr
080 ## - UNIVERSAL DECIMAL CLASSIFICATION NUMBER
Universal Decimal Classification number 09
090 ## - LOCALLY ASSIGNED LC-TYPE CALL NUMBER (OCLC); LOCAL CALL NUMBER (OCLC)
Local cutter number (OCLC) ; Book number/undivided call number, CALL (RLIN) МАЛ
100 ## - MAIN ENTRY--PERSONAL NAME
Personal name Малиш, Н. С.
245 ## - TITLE STATEMENT
Title Художній світ Волта Вітмена в українській літературній рецепції
260 ## - PUBLICATION, DISTRIBUTION, ETC. (IMPRINT)
Place of publication, distribution, etc Острог
Name of publisher, distributor, etc КАФ
Date of publication, distribution, etc 2014
300 ## - PHYSICAL DESCRIPTION
Extent 98
520 ## - SUMMARY, ETC.
Summary, etc Вступ.<br/>Розділ І. Визначальні ознаки Романтизму та Модернізму. Філософсько-художні системи епох.<br/>1.1. Американський романтизм і мистецький феномен Волта Вітмена<br/>1.2. Трансценденталізм як ідейно-філософська основа американського Романтизму<br/>1.3. Модернізм та Авангардизм: діалектика нового. Український модернізм в портретах: Б.-І. Антонич, М. Семенко<br/>1.4. Символізм Б.-І. Антонича: символ, дуалізм, інтуїція<br/>1.5. Футуристичний концепт М. Семенка: організація нової психіки<br/>Розділ ІІ. Сутнісні характеристики художнього світу Волта Вітмена та українських поетів ХХ ст.: структури, знаки, архетипи.<br/>2.1. Ліричний герой В. Вітмена і Б.-І. Антонича: архетипна суміш<br/>2.2. Архетипні елементи художнього універсуму поезій В. Вітмена і Б.-І. Антонича<br/>2.3. Вічність крізь світоглядну призму В. Вітмена і Б.-І. Антонича: категорії змінності й циклічності<br/>2.4. Художній світ В. Вітмена і Б.-І. Антонича в ідеях<br/>2.5. Ліричний герой поезій В. Вітмена і М. Семенка: архетипна основа образу<br/>2.6. Схема поетичної картини Всесвіту поезій В. Вітмена і М. Семенка<br/>2.7. Філософсько-естетичні засади художньогосвіту поезій В. Вітмена і М. Семенка<br/>Висновки.<br/>Список використаних джерел.<br/>Додатки.
-- романтизм, модернізм, Волт Вітмен
650 ## - SUBJECT ADDED ENTRY--TOPICAL TERM
Topical term or geographic name as entry element Research Papers
942 ## - ADDED ENTRY ELEMENTS (KOHA)
Koha item type Книги
Фонди
Withdrawn status Lost status Source of classification or shelving scheme Damaged status Not for loan Home library Current library Date acquired Source of acquisition Cost, normal purchase price Total Checkouts Full call number Barcode Date last seen Price effective from Koha item type
    Universal Decimal Classification     ВІЛ - Відділ іноземн. літератури НБ ВІЛ - Відділ іноземн. літератури НБ 17/06/2014 Акт №8 1.00   09 215644 10/11/2021 17/06/2014 Книги